000 01470nam0a2200373 i 4500
001 RU\NLR\BIBL_A\010199390
005 20260409080435.0
010 _a9785742908043
_93000
021 _aRU
_b2013-108066
_97490
035 _a(NILC)RuMoRGB-006720914
035 _a(NLR Aleph) 010199390
090 _a10235421
_c10235421
100 _a20140303d2013 um y0rusy50 ca
101 0 _arus
102 _aRU
105 _aah||z|||000yy
200 1 _aОбъяснение священной книги псалмов
_fпротоиер. Григорий Разумовский
210 _aМосква
_cПравославный Свято-Тихоновский гуманитарный университет
_d2013
215 _a990, [1] с.
_cил., факс.
_d24
320 _aБиблиогр.: с. 6 (7 назв.) и в тексте
500 _aБиблия
_iВ.З
_iПсалтирь
_3RU\NLR\AUTH\553037
_92631012
605 _aБиблия
_iВ. З.
_iПсалтирь
605 _aБиблия
_iВетхий Завет
_iПсалтырь
_xТолкование
_92191472
_3RU\NLR\AUTH\661317340
675 _a271.22-535.8
686 1 _aЭ37-210.913
700 1 _aРазумовский
_bГ.
_gГригорий
801 0 _aRU
_bRuMoRKP
_c20100823
_gRCR
801 2 _aRU
_bРГБ
_c20140114
_grcr
801 1 _aRU
_bRuMoRKP
_c20100823
_2rusmarc
942 _cBOOK
980 _aNBR